Тугоплавкие металлы. Применение и свойства тугоплавких металлов: курс лекций; учебное пособие для вузов

Dades bibliogràfiques
Autor corporatiu: Национальный исследовательский технологический университет "МИСиС" Кафедра высокотемпературных процессов, материалов и алмазов
Altres autors: Челноков В. С. Валентин Сергеевич, Блинков И. В. Игорь Викторович, Аникин В. Н. Вячеслав Николаевич, Волхонский А. О. Алексей Олегович
Sumari:Рассмотрено применение тугоплавких металлов IV-VI групп Периодической системы элементов Д.И. Менделеева в различных областях техники. Области применения связаны со свойствами тугоплавких металлов. Основное внимание уделено использованию тугоплавких металлов в высокотемпературной технике. Приведены общие свойства тугоплавких металлов, позволяющие выделить их в отдельную группу металлов, а также рассмотрены свойства индивидуальных тугоплавких металлов.
Idioma:rus
Publicat: Москва, МИСиС, 2011
Matèries:
Format: MixedMaterials Llibre
KOHA link:https://koha.lib.tpu.ru/cgi-bin/koha/opac-detail.pl?biblionumber=204059

MARC

LEADER 00000nam0a2200000 4500
001 204059
005 20231101225206.0
010 |a 9785876233929 
035 |a (RuTPU)RU\TPU\book\222395 
090 |a 204059 
100 |a 20111118d2011 m y0rusy50 ca 
101 0 |a rus 
102 |a RU 
105 |a a j 001zy 
200 1 |a Тугоплавкие металлы. Применение и свойства тугоплавких металлов  |e курс лекций  |e учебное пособие для вузов  |f В. С. Челноков [и др.]  |g Национальный исследовательский технологический университет "МИСиС", Кафедра высокотемпературных процессов, материалов и алмазов 
210 |a Москва  |c МИСиС  |d 2011 
215 |a 113 с.  |c ил. 
320 |a Библиогр.: с. 108. 
330 |a Рассмотрено применение тугоплавких металлов IV-VI групп Периодической системы элементов Д.И. Менделеева в различных областях техники. Области применения связаны со свойствами тугоплавких металлов. Основное внимание уделено использованию тугоплавких металлов в высокотемпературной технике. Приведены общие свойства тугоплавких металлов, позволяющие выделить их в отдельную группу металлов, а также рассмотрены свойства индивидуальных тугоплавких металлов. 
606 1 |a Тугоплавкие сплавы  |x Металловедение  |2 stltpush  |3 (RuTPU)RU\TPU\subj\62009  |9 79168 
610 1 |a применение 
610 1 |a жаропрочные сплавы 
610 1 |a характеристика 
610 1 |a критерии 
610 1 |a оценка 
610 1 |a кристаллическая структура 
610 1 |a свойства 
610 1 |a производство 
610 1 |a титан 
610 1 |a цирконий 
610 1 |a гафний 
610 1 |a ванадий 
610 1 |a ниобий 
610 1 |a тантал 
610 1 |a молибден 
610 1 |a вольфрам 
610 1 |a лекции 
610 1 |a учебные пособия 
675 |a 669.018.45(075.8)  |v 3 
701 1 |a Челноков  |b В. С.  |g Валентин Сергеевич 
701 1 |a Блинков  |b И. В.  |g Игорь Викторович 
701 1 |a Аникин  |b В. Н.  |g Вячеслав Николаевич 
701 1 |a Волхонский  |b А. О.  |g Алексей Олегович 
712 0 2 |a Национальный исследовательский технологический университет "МИСиС"  |b Кафедра высокотемпературных процессов, материалов и алмазов  |c (Москва)  |c (2008- )  |2 stltpush  |3 (RuTPU)RU\TPU\col\17156 
801 1 |a RU  |b 63413507  |c 20111118 
801 2 |a RU  |b 63413507  |c 20120428  |g RCR 
900 |a Химическая технология тугоплавких неметаллических и силикатных материалов 
942 |c BK 
951 |b 150100 
959 |a 95/20111118  |d 1  |e 280,50  |f ЧЗТЛ:1